Maximizing Windows 98

Bibliographic Details
Main Author: Bailes, Lenny (Author)
Format: Book
Published: Berkeley, Calif. : Osborne/McGraw-Hill , c1999
Subjects:

MARC

LEADER 00000cam a2200000 7i4500
001 0000006863
005 20041228093000.0
020 |a 0078825393 
090 0 0 |a QA76.76.O63   |b B3444 1999 
100 0 |a Bailes, Lenny ,   |e author 
245 0 0 |a Maximizing Windows 98   |c Lenny Bailes 
260 2 |a Berkeley, Calif. :   |b Osborne/McGraw-Hill ,   |c c1999 
300 |a xxix, 898 p. :   |b ill. ;   |c 24 cm. 
504 |a Includes index 
640 0 0 |a Microsoft Windows (Computer file) 
650 0 |a Operating systems (Computers) 
999 |a 1000080346   |b Book   |c OPEN SHELF (30 DAYS)   |e Gong Badak Campus